Central Library OPAC University of Rajshahi

Ben Jonson's Poetaster : (Record no. 27619)

MARC details
000 -LEADER
fixed length control field 01173nam a2200301 a 4500
001 - CONTROL NUMBER
control field 27619
003 - CONTROL NUMBER IDENTIFIER
rucl marc code BD-RJUL
005 - DATE AND TIME OF LATEST TRANSACTION
control field 20211209051158.0
008 - FIXED-LENGTH DATA ELEMENTS--GENERAL INFORMATION
fixed length control field 140325s1965 be h 000 0 eng
035 ## - SYSTEM CONTROL NUMBER
System control number oxf98700413
System control number (BD-RJUL)27698
040 ## - CATALOGING SOURCE
Original cataloging agency DLC
Transcribing agency YBM
Modifying agency m.c
Language of cataloging eng
041 ## - LANGUAGE CODE
Language code of text/sound track or separate title eng
082 ## - DEWEY DECIMAL CLASSIFICATION NUMBER
Classification number 822.3
Author mark and year JOB 1965
100 1# - MAIN ENTRY--PERSONAL NAME
Personal name Jonson, Ben,
Dates associated with a name 1573?-1637.
9 (RLIN) 84826
245 10 - TITLE STATEMENT
Title Ben Jonson's Poetaster :
Remainder of title or, The arraignment /
Statement of responsibility, etc. edited from the quarto of 1602 with comments on its text by Henry de Vocht ...
260 ## - PUBLICATION, DISTRIBUTION, ETC. (IMPRINT)
Place of publication, distribution, etc. Louvain :
Name of publisher, distributor, etc. Librairie universitaire, C. Uystpruyst,
Date of publication, distribution, etc. 1965
300 ## - PHYSICAL DESCRIPTION
Pagination 4 p. l., 139, [1] p. :
Illustrations ill. ;
Size 26 cm
490 1# - SERIES STATEMENT
Series statement Materialien zur Kunde des älteren Englischen Dramas ;
Volume/sequential designation v. 9
500 ## - GENERAL NOTE
General note "The present edition aims at reproducing the original quarto as painfully exact as modern printing allows."--p. [101]
General note Reprinted from the British museum copy; with facsimile of original t.p
700 1# - ADDED ENTRY--PERSONAL NAME
Personal name Vocht, Henry de,
Dates associated with a name 1878-
830 #0 - SERIES ADDED ENTRY--UNIFORM TITLE
Volume number/sequential designation v. 9
830 #0 - SERIES ADDED ENTRY--UNIFORM TITLE
Uniform title Materialien zur Kunde des älteren Englischen Dramas ;
942 ## - ADDED ENTRY ELEMENTS (KOHA)
Source of classification or shelving scheme Dewey Decimal Classification
Koha item type Books
Holdings
Lost status Source of classification or shelving scheme Damaged status Not for loan Collection code Permanent Location Current Location Shelving location Date acquired Source of acquisition Cost, normal purchase price Total Checkouts Full call number Date last seen Copy number Koha item type
  Dewey Decimal Classification     Non-fiction Central Library, University of Rajshahi Central Library, University of Rajshahi   11/11/1968 Zeitlinger 61.60   822.3 JOB 1965 25/03/2014 C-2 Books